Attack on Titan Characters Slideshow Quiz Stats

 Plays Quiz not verified by Sporcle

Also try: 5-Star TV Villains
Challenge
Share
Tweet
Score 0/30 Timer 10:00
0 Plays Today
% Correct
Eren Jaeger
99.2%
Mikasa Ackerman
96.9%
Armin Arlert
96.6%
Jean Kirstein
91.3%
Levi
89.8%
Annie Leonhart
88.7%
Sasha Braus
88.4%
Marco Bodt
86.9%
Connie Springer
82.6%
Erwin Smith
77.2%
Hanji Zoe
75.3%
Reiner Braun
75.1%
Ymir
75%
Christa Lenz
74.5%
Petra Ral
69%
% Correct
Bertholdt Hoover
68.8%
Bean
65.2%
Dot Pixis
61.1%
Sonny
55.9%
Hannes
54.5%
Mike Zakarias
52.4%
Carla Jaeger
48.8%
Grisha Jaeger
45.1%
Auruo Bossard
37.6%
Gunther Schultz
36%
Erd Gin
33.7%
Pastor Nick
33.3%
Ilse Langnar
32.5%
Nile Dawk
30%
Moblit Berner
21.6%

You're not logged in!

Compare scores with friends on all Sporcle quizzes.
Join for Free
OR
Log In

You Might Also Like...

Show Comments

Extras

Top Quizzes Today


Score Distribution

Your Account Isn't Verified!

In order to create a playlist on Sporcle, you need to verify the email address you used during registration. Go to your Sporcle Settings to finish the process.

Report this User

Report this user for behavior that violates our Community Guidelines.

Details: